000 00320 a2200133 4500
005 20250701103654.0
020 _a2-85036-350-2
082 _a445 ROB
100 _aROBERT,
245 _aLe Robert Benjamin,
260 _aFrance,
_bLE Robert Dictinnaires,
_c1957.
300 _a571P: ill; Picture,
_c24cm.
942 _2ddc
_cBKS
999 _c6508
_d6508